[Event "Bad Woerishofen op 38th"]
[Site "Bad Woerishofen"]
[Date "2023.03.09"]
[Round "7"]
[White "Schaefer, Michael"]
[Black "Degenhard, Simon"]
[Result "0-1"]
[WhiteElo "2063"]
[BlackElo "2278"]
[PlyCount "50"]
[EventDate "2023.03.03"]
[EventType "swiss"]
[EventRounds "9"]
[EventCountry "GER"]
[SourceTitle "CBM 213 Extra"]
[Source "ChessBase"]
[SourceDate "2023.05.31"]
[SourceVersion "1"]
[SourceVersionDate "2023.05.31"]
[SourceQuality "1"]

1. c4 Nf6 2. g3 c5 3. Bg2 d5 4. cxd5 Nxd5 5. Nc3 Nc7 6. d3 e5 7. Nf3 Nc6 8. Nd2 Bd7 9. Nc4 Be7 10. 0-0 f6 11. f4 b5 12. Ne3 0-0 13. Ned5 Nxd5 14. Nxd5 Rc8 15. f5 Bd6 16. Be4 Be8 17. e3 Bf7 18. a4 b4 19. Bd2 Qd7 20. Bg2 Rfd8 21. Rc1 Bf8 22. e4 Ne7 23. Qf3 Nxd5 24. exd5 a5 25. Be3 Qxa4 0-1

[Event "Oberliga Ost-B 2122"]
[Site "Germany"]
[Date "2022.07.02"]
[Round "6.6"]
[White "Tuzi, Bruna"]
[Black "Schaefer, Michael"]
[Result "1-0"]
[WhiteElo "1991"]
[BlackElo "2113"]
[PlyCount "173"]
[EventDate "2021.10.10"]
[EventType "team-tourn"]
[EventRounds "11"]
[EventCountry "GER"]
[SourceTitle "EXT 2023"]
[Source "ChessBase"]
[SourceDate "2022.10.05"]
[SourceVersion "1"]
[SourceVersionDate "2022.10.05"]
[SourceQuality "1"]
[WhiteTeam "Wiesbaden"]
[BlackTeam "Moerlenbach Birkenau"]
[WhiteTeamCountry "GER"]
[BlackTeamCountry "GER"]

1. e4 c5 2. Nf3 Nc6 3. Bb5 a6 4. Bxc6 dxc6 5. c3 Bg4 6. 0-0 e5 7. h3 Bh5 8. g4 Bg6 9. Nxe5 Bd6 10. Nxg6 hxg6 11. Qf3 Bc7 12. Re1 Qh4 13. Kg2 0-0-0 14. d3 Ne7 15. Rh1 f5 16. gxf5 gxf5 17. exf5 Rh5 18. Qg4 Nxf5 19. Qxh4 Nxh4+ 20. Kf1 Rxd3 21. Ke2 c4 22. Be3 Nf5 23. Nd2 b5 24. Rad1 Nxe3 25. fxe3 g5 26. Rdg1 Bd8 27. Rg4 Rd7 28. Ne4 Rdh7 29. Nf2 R5h6 30. Re4 Re7 31. Rxe7 Bxe7 32. Rd1 Kc7 33. Rd4 Re6 34. Rg4 Kd7 35. Ne4 Re5 36. Nd2 Bf6 37. e4 Re8 38. Nf3 Rh8 39. Rg3 a5 40. a3 Rh7 41. Ke3 Ke6 42. Nxg5+ Bxg5+ 43. Rxg5 Rxh3+ 44. Kd4 Rh2 45. Rg6+ Kd7 46. Kc5 Rxb2 47. Rd6+ Ke7 48. Rxc6 Rb3 49. Rb6 Rxc3 50. Rxb5 Rxa3 51. Kxc4 Ke6 52. Kd4 Ra1 53. Rb6+ Ke7 54. Ke5 Rh1 55. Rb7+ Ke8 56. Ra7 Kf8 57. Ke6 Rh6+ 58. Kd5 Ke8 59. Rxa5 Rh1 60. Ra7 Rh2 61. e5 Rh1 62. Kd6 Re1 63. Ke6 Kf8 64. Rf7+ Ke8 65. Ra7 Kf8 66. Ra8+ Kg7 67. Ra5 Kg8 68. Rb5 Re2 69. Rd5 Re1 70. Kd7 Kf7 71. Kd6 Re2 72. Rd1 Re3 73. Rf1+ Ke8 74. Ke6 Re2 75. Rh1 Kf8 76. Rh8+ Kg7 77. Re8 Re1 78. Kd7 Re2 79. e6 Rd2+ 80. Ke7 Rd1 81. Ra8 Re1 82. Ra2 Rg1 83. Re2 Rg3 84. Ke8 Kf6 85. e7 Rh3 86. Rd2 Ke6 87. Kd8 1-0

[Event "Oberliga Ost-B 2122"]
[Site "Germany"]
[Date "2022.03.06"]
[Round "9.6"]
[White "Schaefer, Michael"]
[Black "Neubauer, Andreas"]
[Result "0-1"]
[WhiteElo "2149"]
[BlackElo "2142"]
[PlyCount "104"]
[EventDate "2021.10.10"]
[EventType "team-tourn"]
[EventRounds "11"]
[EventCountry "GER"]
[SourceTitle "EXT 2023"]
[Source "ChessBase"]
[SourceDate "2022.10.05"]
[SourceVersion "1"]
[SourceVersionDate "2022.10.05"]
[SourceQuality "1"]
[WhiteTeam "Moerlenbach Birkenau"]
[BlackTeam "Stadtilm Blau Weiss"]
[WhiteTeamCountry "GER"]
[BlackTeamCountry "GER"]

1. d4 Nf6 2. Nf3 e6 3. e3 b6 4. Bd3 Bb7 5. Nbd2 d5 6. 0-0 Bd6 7. b3 Ne4 8. Bb2 0-0 9. c4 f5 10. Ne5 Nd7 11. f3 Nxd2 12. Qxd2 a5 13. a3 Bxe5 14. dxe5 Nc5 15. Qc2 Nxd3 16. Qxd3 dxc4 17. Qxc4 Bd5 18. Qc2 Qg5 19. Bc1 Qe7 20. Bd2 c5 21. Qb2 Rfc8 22. b4 cxb4 23. axb4 a4 24. Rfc1 Qd7 25. Qd4 Qb5 26. e4 fxe4 27. fxe4 Bb3 28. Be3 Rxc1+ 29. Rxc1 a3 30. Qxb6 Qxb6 31. Bxb6 Ra4 32. Rc8+ Kf7 33. Rc7+ Kg6 34. Ra7 Rxa7 35. Bxa7 Bc2 36. Kf2 Bxe4 37. Bd4 Bc6 38. g3 Kf5 39. Ba1 Ke4 40. Ke2 Bb5+ 41. Kd2 Kf3 42. Kc3 Kg2 43. Kd4 Kxh2 44. Kc5 Ba4 45. Kd6 Kxg3 46. Kxe6 g5 47. Kd6 Kf4 48. Kc5 Kf5 49. b5 Bxb5 50. Kxb5 h5 51. Kb4 h4 52. Kxa3 h3 0-1

[Event "Oberliga Ost-B 2122"]
[Site "Germany"]
[Date "2022.03.05"]
[Round "8.6"]
[White "Glaessl, Matthias"]
[Black "Schaefer, Michael"]
[Result "1/2-1/2"]
[WhiteElo "2164"]
[BlackElo "2149"]
[PlyCount "53"]
[EventDate "2021.10.10"]
[EventType "team-tourn"]
[EventRounds "11"]
[EventCountry "GER"]
[SourceTitle "EXT 2023"]
[Source "ChessBase"]
[SourceDate "2022.10.05"]
[SourceVersion "1"]
[SourceVersionDate "2022.10.05"]
[SourceQuality "1"]
[WhiteTeam "Gera"]
[BlackTeam "Moerlenbach Birkenau"]
[WhiteTeamCountry "GER"]
[BlackTeamCountry "GER"]

1. e4 c5 2. Nf3 Nc6 3. d4 cxd4 4. Nxd4 g6 5. Nc3 Bg7 6. Be3 Nf6 7. Bc4 0-0 8. Bb3 e6 9. Nxc6 dxc6 10. Qxd8 Rxd8 11. f3 b6 12. a4 Bd7 13. Kf2 Be8 14. Rhd1 Nd7 15. Bd4 Ne5 16. Be3 c5 17. Nb5 Nc6 18. c3 Na5 19. Bc2 Nc4 20. Bc1 Bc6 21. Na3 Rxd1 22. Bxd1 Ne5 23. Bc2 Rd8 24. Ke2 Bb7 25. Bg5 f6 26. Bf4 Ba6+ 27. Nb5 1/2-1/2

[Event "Oberliga Ost-B 1920"]
[Site "Germany"]
[Date "2019.12.07"]
[Round "4.7"]
[White "Schaefer, Michael"]
[Black "Nehmert, Ulrich"]
[Result "1/2-1/2"]
[WhiteElo "2158"]
[BlackElo "2230"]
[PlyCount "35"]
[EventDate "2019.09.29"]
[EventType "team-tourn"]
[EventRounds "11"]
[EventCountry "GER"]
[SourceTitle "EXT 2021"]
[Source "ChessBase"]
[SourceDate "2020.10.23"]
[SourceVersion "1"]
[SourceVersionDate "2020.10.23"]
[SourceQuality "1"]
[WhiteTeam "Moerlenbach Birkenau"]
[BlackTeam "Wiesbaden"]
[WhiteTeamCountry "GER"]
[BlackTeamCountry "GER"]

1. d4 d5 2. Nf3 Nf6 3. e3 c5 4. Bd3 Nc6 5. 0-0 Bg4 6. c3 e6 7. Nbd2 cxd4 8. exd4 Bd6 9. Re1 Qc7 10. Nf1 a6 11. Bg5 0-0 12. Bh4 Rfe8 13. Bg3 e5 14. dxe5 Nxe5 15. Be2 Nxf3+ 16. Bxf3 Rxe1 17. Qxe1 Bxf3 18. gxf3 1/2-1/2

[Event "Cesenatico op 23rd"]
[Site "Cesenatico"]
[Date "2019.09.05"]
[Round "6"]
[White "Stromboli, Carlo"]
[Black "Schaefer, Michael"]
[Result "1-0"]
[WhiteElo "2270"]
[BlackElo "2181"]
[PlyCount "109"]
[EventDate "2019.09.01"]
[EventType "swiss"]
[EventRounds "9"]
[EventCountry "ITA"]
[SourceTitle "EXT 2020"]
[Source "ChessBase"]
[SourceDate "2019.10.17"]
[SourceVersion "1"]
[SourceVersionDate "2019.10.17"]
[SourceQuality "1"]

1. e4 d6 2. d4 Nf6 3. Nc3 e5 4. Nf3 Nbd7 5. Bc4 Be7 6. 0-0 0-0 7. Re1 c6 8. a4 b6 9. b3 a6 10. Bb2 Bb7 11. Bf1 Re8 12. Qd2 Bf8 13. Rad1 Qc7 14. h3 g6 15. Qg5 Bg7 16. dxe5 Nxe5 17. Nxe5 dxe5 18. Ba3 Rad8 19. Qe3 Bf8 20. Bxf8 Kxf8 21. Qh6+ Kg8 22. Rd3 Rxd3 23. Bxd3 Nd7 24. h4 Qd6 25. h5 Qf8 26. Qg5 Qe7 27. Qg3 Kg7 28. Nd1 Nc5 29. Bc4 b5 30. axb5 axb5 31. Bf1 Qf6 32. Qe3 Qe7 33. g3 Ne6 34. Bd3 Qc5 35. Qd2 Qe7 36. Kg2 Qg5 37. Qxg5 Nxg5 38. hxg6 hxg6 39. Nc3 Ra8 40. f3 Ne6 41. Rh1 Nc5 42. Rd1 Kf6 43. Kf2 Ke7 44. Ke3 Bc8 45. Bxb5 cxb5 46. Nd5+ Kf8 47. Nb6 Ra2 48. Rd8+ Kg7 49. Rxc8 Rxc2 50. b4 Rc3+ 51. Kd2 Nxe4+ 52. fxe4 Rxg3 53. Rc5 f6 54. Rxb5 g5 55. Nd5 1-0

[Event "Bodensee op"]
[Site "Bregenz"]
[Date "2019.05.28"]
[Round "4"]
[White "Schaefer, Michael"]
[Black "Savic, Robert"]
[Result "1-0"]
[WhiteElo "2201"]
[BlackElo "1897"]
[PlyCount "73"]
[EventDate "2019.05.25"]
[EventType "swiss"]
[EventRounds "9"]
[EventCountry "AUT"]
[SourceTitle "CBM 190 Extra"]
[Source "ChessBase"]
[SourceDate "2019.07.15"]
[SourceVersion "1"]
[SourceVersionDate "2019.07.15"]
[SourceQuality "1"]

1. d4 Nf6 2. Nf3 g6 3. e3 Bg7 4. Be2 d5 5. Nbd2 b6 6. b4 c5 7. bxc5 bxc5 8. c4 cxd4 9. Nxd4 e5 10. N4b3 0-0 11. Bb2 Nbd7 12. 0-0 Bb7 13. Rc1 Rc8 14. cxd5 Rxc1 15. Qxc1 Nxd5 16. Qa1 Re8 17. Bf3 Ba8 18. Rd1 N5b6 19. a4 Bxf3 20. gxf3 Bf8 21. a5 Qg5+ 22. Kf1 Nd5 23. Qa4 N5f6 24. Ne4 Nxe4 25. Rxd7 Nc5 26. Nxc5 Bxc5 27. Rd5 Rb8 28. Rxe5 Qd8 29. Kg2 Bxe3 30. Rxe3 Qg5+ 31. Kf1 Rxb2 32. Re8+ Kg7 33. Qd4+ Qf6 34. Rg8+ Kxg8 35. Qxf6 Ra2 36. Qd8+ Kg7 37. Qd4+ 1-0

[Event "BL2-Sued 1819"]
[Site "Germany"]
[Date "2019.02.23"]
[Round "7.6"]
[White "Mutschnik, Illya"]
[Black "Schaefer, Michael"]
[Result "1-0"]
[WhiteElo "2400"]
[BlackElo "2400"]
[PlyCount "79"]
[EventDate "2018.11.10"]
[EventType "team-tourn"]
[EventRounds "10"]
[EventCountry "GER"]
[SourceTitle "CBM 190 Extra"]
[Source "ChessBase"]
[SourceDate "2019.07.15"]
[SourceVersion "1"]
[SourceVersionDate "2019.07.15"]
[SourceQuality "1"]
[WhiteTeam "Baden-Baden II"]
[BlackTeam "Moerlenbach Birkenau"]
[WhiteTeamCountry "GER"]
[BlackTeamCountry "GER"]

1. e4 c5 2. Nf3 g6 3. d4 cxd4 4. Nxd4 Nc6 5. Nc3 Bg7 6. Be3 Nf6 7. Bc4 0-0 8. Bb3 d5 9. Bxd5 Ng4 10. Bxc6 Nxe3 11. fxe3 bxc6 12. Nxc6 Bxc3+ 13. bxc3 Qc7 14. Nd4 Qxc3+ 15. Kf2 f5 16. Re1 e5 17. Nf3 Bb7 18. exf5 Rxf5 19. e4 Qc5+ 20. Kg3 Rf7 21. Qd3 Qb6 22. Rad1 Qf6 23. Qe3 Rc8 24. Rd2 Rc4 25. Ng5 Rfc7 26. Red1 Rd4 27. Rxd4 exd4 28. Rxd4 Qe5+ 29. Qf4 Qxd4 30. Qxc7 Qe3+ 31. Kh4 Qf2+ 32. Kh3 Qe3+ 33. g3 Qxg5 34. Qb8+ Kg7 35. Qxb7+ Kh6 36. Qd5 Qf6 37. Kg2 Qb2 38. Qb3 Qd4 39. Qd3 Qa4 40. a3 1-0

[Event "Bayern-chI Bank Hofmann 22nd"]
[Site "Tegernsee"]
[Date "2018.11.03"]
[Round "8"]
[White "Schaefer, Michael"]
[Black "Ott, Josef Sebastian"]
[Result "1-0"]
[WhiteElo "2185"]
[BlackElo "1961"]
[PlyCount "49"]
[EventDate "2018.10.27"]
[EventType "swiss"]
[EventRounds "9"]
[EventCountry "GER"]
[SourceTitle "CBM 187 Extra"]
[Source "ChessBase"]
[SourceDate "2018.11.04"]
[SourceVersion "1"]
[SourceVersionDate "2018.11.04"]
[SourceQuality "1"]

1. d4 Nf6 2. Nf3 c5 3. d5 e6 4. c4 d6 5. Nc3 exd5 6. cxd5 g6 7. Bf4 a6 8. a4 Bg7 9. h3 0-0 10. e3 Qc7 11. Be2 Nfd7 12. 0-0 Ne5 13. Bxe5 dxe5 14. Nd2 Rd8 15. Nc4 f5 16. d6 Qf7 17. Nb6 Ra7 18. Nxc8 Rxc8 19. a5 Nd7 20. Nd5 Kh8 21. Bc4 Rc6 22. Nb6 Qe8 23. Qa4 Nxb6 24. axb6 Ra8 25. Bb5 1-0

[Event "Arco op 40th"]
[Site "Arco"]
[Date "2018.10.17"]
[Round "5"]
[White "Sarkar, Justin"]
[Black "Schaefer, Michael"]
[Result "1-0"]
[WhiteElo "2339"]
[BlackElo "2185"]
[PlyCount "93"]
[EventDate "2018.10.13"]
[EventType "swiss"]
[EventRounds "9"]
[EventCountry "ITA"]
[SourceTitle "CBM 186 Extra"]
[Source "ChessBase"]
[SourceDate "2018.08.24"]
[SourceVersion "1"]
[SourceVersionDate "2018.08.24"]
[SourceQuality "1"]

1. e4 c5 2. Nf3 g6 3. d4 cxd4 4. Nxd4 Nc6 5. c4 Nf6 6. Nc3 Nxd4 7. Qxd4 d6 8. Bg5 Bg7 9. Qd2 0-0 10. Bd3 a5 11. 0-0 a4 12. b4 axb3 13. axb3 Rxa1 14. Rxa1 Qb6 15. Bc2 Be6 16. Ra2 Re8 17. Be3 Qc6 18. f4 Ng4 19. Bd4 Bc8 20. h3 Bxd4+ 21. Qxd4 e5 22. Qa7 Nf6 23. fxe5 Rxe5 24. Qf2 Kg7 25. Bd3 Qc5 26. Ra8 Bd7 27. Nd5 Qxf2+ 28. Kxf2 Bc6 29. Rd8 Nxe4+ 30. Bxe4 Rxe4 31. Rxd6 f5 32. Nb4 Be8 33. Rb6 Re7 34. Nd5 Rf7 35. Ke3 Bc6 36. b4 g5 37. b5 f4+ 38. Ke4 Bd7 39. Rxb7 Bf5+ 40. Ke5 Rxb7 41. Kxf5 h6 42. b6 Kf8 43. c5 Rf7+ 44. Ke6 f3 45. gxf3 Rxf3 46. b7 Rb3 47. Nb6 1-0

[Event "Arco op 40th"]
[Site "Arco"]
[Date "2018.10.14"]
[Round "2"]
[White "Gneo, Marco"]
[Black "Schaefer, Michael"]
[Result "0-1"]
[WhiteElo "1725"]
[BlackElo "2185"]
[PlyCount "76"]
[EventDate "2018.10.13"]
[EventType "swiss"]
[EventRounds "9"]
[EventCountry "ITA"]
[SourceTitle "CBM 186 Extra"]
[Source "ChessBase"]
[SourceDate "2018.08.24"]
[SourceVersion "1"]
[SourceVersionDate "2018.08.24"]
[SourceQuality "1"]

1. Nf3 d5 2. d4 Nf6 3. c4 e6 4. Nc3 dxc4 5. Qa4+ c6 6. Qxc4 b5 7. Qd3 Bb7 8. Bg5 Nbd7 9. e3 a6 10. Be2 Qb6 11. 0-0 c5 12. Rfd1 Be7 13. Ne5 Rd8 14. Nxd7 Rxd7 15. Bxf6 gxf6 16. dxc5 Rxd3 17. cxb6 Rxd1+ 18. Rxd1 Rg8 19. g3 Bc5 20. Bd3 f5 21. Kf1 Bxb6 22. e4 f4 23. gxf4 Rg4 24. Ne2 Bc7 25. e5 Bg2+ 26. Ke1 Ba5+ 27. Nc3 Rxf4 28. Bxh7 b4 29. Ne2 b3+ 30. Nc3 bxa2 31. Ra1 Bd5 32. Ke2 Bxc3 33. bxc3 a5 34. Bd3 Bb3 35. Ke3 Rh4 36. c4 Kd8 37. Kd2 a4 38. Kc3 Rxh2 0-1

[Event "Cesenatico op 22nd"]
[Site "Cesenatico"]
[Date "2018.09.08"]
[Round "8"]
[White "Schaefer, Michael"]
[Black "Medici, Simone"]
[Result "1-0"]
[WhiteElo "2169"]
[BlackElo "2257"]
[PlyCount "169"]
[EventDate "2018.09.01"]
[EventType "swiss"]
[EventRounds "9"]
[EventCountry "ITA"]
[SourceTitle "CBM 186 Extra"]
[Source "ChessBase"]
[SourceDate "2018.08.24"]
[SourceVersion "1"]
[SourceVersionDate "2018.08.24"]
[SourceQuality "1"]

1. d4 Nf6 2. Nf3 e6 3. e3 c5 4. Bd3 Nc6 5. c3 d5 6. 0-0 Bd6 7. Nbd2 0-0 8. Qe2 e5 9. dxc5 Bxc5 10. e4 d4 11. Nb3 Bb6 12. cxd4 Bxd4 13. Nbxd4 Nxd4 14. Nxd4 Qxd4 15. Be3 Qd6 16. Rac1 b6 17. Rfd1 Bb7 18. Bg5 Rac8 19. Bc4 Qe7 20. f3 Rfd8 21. Rxd8+ Rxd8 22. Bb3 Rc8 23. Rxc8+ Bxc8 24. Qc2 Ba6 25. Qc3 Qd6 26. Qd2 Qd7 27. Kf2 h6 28. Qxd7 Nxd7 29. Be7 Bb5 30. Ke3 Bc6 31. g3 g6 32. a3 Kg7 33. Bc2 Bb5 34. Bd6 Bc4 35. f4 f6 36. Kd2 exf4 37. gxf4 g5 38. Kc3 Be6 39. f5 Bf7 40. Kd4 h5 41. Bd3 h4 42. Be2 Kh6 43. b4 Bh5 44. Bb5 Be8 45. Kd5 Bf7+ 46. Kd4 Be8 47. Kd5 Bf7+ 48. Kc6 Ne5+ 49. Bxe5 fxe5 50. Kd6 g4 51. Kxe5 Kg5 52. Bd3 g3 53. hxg3 hxg3 54. Bf1 Bb3 55. Bg2 Bc4 56. Kd4 Bf7 57. Ke3 Bh5 58. Kd4 Bf7 59. Ke5 Bc4 60. Kd6 Kf6 61. Bh3 Kf7 62. e5 Bd3 63. f6 Bf5 64. Bg2 Be6 65. Kc7 Bc4 66. Kd6 Bb3 67. Bc6 Bc4 68. Kd7 Bb5 69. e6+ Kxf6 70. Bxb5 g2 71. e7 g1Q 72. e8Q Qg7+ 73. Kc8 Qg4+ 74. Qd7 Qg3 75. Qd8+ Kf5 76. Bd3+ Ke6 77. Qd7+ Kf6 78. Qf5+ Ke7 79. Qh7+ Kf6 80. Kb7 a5 81. Qg6+ Qxg6 82. Bxg6 axb4 83. axb4 Kxg6 84. Kxb6 Kf6 85. Kc7 1-0

[Event "Cesenatico op 22nd"]
[Site "Cesenatico"]
[Date "2018.09.06"]
[Round "6"]
[White "Mrdja, Milan"]
[Black "Schaefer, Michael"]
[Result "1/2-1/2"]
[WhiteElo "2300"]
[BlackElo "2169"]
[PlyCount "73"]
[EventDate "2018.09.01"]
[EventType "swiss"]
[EventRounds "9"]
[EventCountry "ITA"]
[SourceTitle "CBM 186 Extra"]
[Source "ChessBase"]
[SourceDate "2018.08.24"]
[SourceVersion "1"]
[SourceVersionDate "2018.08.24"]
[SourceQuality "1"]

1. e4 c5 2. Nf3 g6 3. c4 Nc6 4. d4 cxd4 5. Nxd4 Nf6 6. Nc3 Nxd4 7. Qxd4 d6 8. Be2 Bg7 9. Qd3 0-0 10. 0-0 a5 11. Be3 Be6 12. Rab1 Nd7 13. b3 Nc5 14. Qd2 Bxc3 15. Qxc3 Nxe4 16. Qd4 f5 17. Bh6 Rf7 18. Rfe1 Qc7 19. Bf3 Bd7 20. Bxe4 fxe4 21. Rbd1 Bc6 22. a3 b6 23. b4 axb4 24. axb4 Ra4 25. Qb2 Qb8 26. b5 Bb7 27. Qb3 Ra8 28. Ra1 e5 29. Be3 Rxa1 30. Rxa1 Bc8 31. Qc2 Ra7 32. Rxa7 Qxa7 33. h3 Qc7 34. Qxe4 Be6 35. Qa8+ Kg7 36. Qa6 Bxc4 37. Bxb6 1/2-1/2

[Event "Cesenatico op 22nd"]
[Site "Cesenatico"]
[Date "2018.09.05"]
[Round "5"]
[White "Schaefer, Michael"]
[Black "Paleologu, Vladimir"]
[Result "1/2-1/2"]
[WhiteElo "2169"]
[BlackElo "2183"]
[PlyCount "52"]
[EventDate "2018.09.01"]
[EventType "swiss"]
[EventRounds "9"]
[EventCountry "ITA"]
[SourceTitle "CBM 186 Extra"]
[Source "ChessBase"]
[SourceDate "2018.08.24"]
[SourceVersion "1"]
[SourceVersionDate "2018.08.24"]
[SourceQuality "1"]

1. d4 d6 2. Nf3 g6 3. c4 Bg7 4. e3 e5 5. dxe5 dxe5 6. Qxd8+ Kxd8 7. Nc3 c6 8. Bd2 Kc7 9. 0-0-0 Ne7 10. Be2 h6 11. h3 Be6 12. g4 Nd7 13. Ne4 f5 14. gxf5 gxf5 15. Ng3 Rhg8 16. Bb4 c5 17. Ba5+ b6 18. Bc3 e4 19. Bxg7 Rxg7 20. Nd2 Ne5 21. Nh5 Rgg8 22. b3 Bf7 23. Nf4 N7g6 24. Nh5 Ne7 25. Nf4 N7g6 26. Nh5 Ne7 1/2-1/2

[Event "Cesenatico op 22nd"]
[Site "Cesenatico"]
[Date "2018.09.02"]
[Round "2"]
[White "Schaefer, Michael"]
[Black "Corvi, Marco"]
[Result "0-1"]
[WhiteElo "2169"]
[BlackElo "2282"]
[PlyCount "76"]
[EventDate "2018.09.01"]
[EventType "swiss"]
[EventRounds "9"]
[EventCountry "ITA"]
[SourceTitle "CBM 186 Extra"]
[Source "ChessBase"]
[SourceDate "2018.08.24"]
[SourceVersion "1"]
[SourceVersionDate "2018.08.24"]
[SourceQuality "1"]

1. d4 Nf6 2. Nf3 g6 3. c4 Bg7 4. Nc3 d6 5. Bg5 h6 6. Bh4 g5 7. Bg3 Nh5 8. e3 c5 9. Be2 Nxg3 10. hxg3 cxd4 11. Nxd4 Nc6 12. g4 Nxd4 13. exd4 Qb6 14. Nd5 Qa5+ 15. b4 Qd8 16. Qd2 Bd7 17. Rc1 e6 18. Ne3 Qf6 19. d5 Qd4 20. Rh3 a5 21. b5 b6 22. Qxd4 Bxd4 23. Kd2 Kf8 24. Rch1 Kg7 25. Kd3 Bxe3 26. Kxe3 exd5 27. cxd5 Rae8+ 28. Kd2 Rxe2+ 29. Kxe2 Bxg4+ 30. Kd3 Bxh3 31. gxh3 Rc8 32. a4 Rc5 33. Ke4 Rc4+ 34. Kd3 Rxa4 35. Rc1 Rb4 36. Rc6 Rxb5 37. Rxd6 a4 38. Kc4 a3 0-1

[Event "BL2-Sued 1718"]
[Site "Germany"]
[Date "2018.02.03"]
[Round "7.8"]
[White "Schwab, Matthias"]
[Black "Schaefer, Michael"]
[Result "1/2-1/2"]
[WhiteElo "2148"]
[BlackElo "2197"]
[PlyCount "36"]
[EventDate "2017.10.21"]
[EventType "team-tourn"]
[EventRounds "10"]
[EventCountry "GER"]
[SourceTitle "CBM 183 Extra"]
[Source "ChessBase"]
[SourceDate "2018.04.19"]
[SourceVersion "1"]
[SourceVersionDate "2018.04.19"]
[SourceQuality "1"]
[WhiteTeam "Boeblingen"]
[BlackTeam "Moerlenbach Birkenau"]
[WhiteTeamCountry "GER"]
[BlackTeamCountry "GER"]

1. Nf3 d5 2. d4 Nf6 3. c4 e6 4. Nc3 Be7 5. Bf4 0-0 6. e3 c5 7. dxc5 Bxc5 8. Be2 dxc4 9. Bxc4 a6 10. Qxd8 Rxd8 11. Ke2 b5 12. Bd3 Bb7 13. Rhd1 Nbd7 14. Rac1 Be7 15. Bb1 Rac8 16. Ng5 Nc5 17. Rxd8+ Bxd8 18. Nce4 Ncxe4 1/2-1/2

[Event "Cesenatico op 21st"]
[Site "Cesenatico"]
[Date "2017.09.03"]
[Round "2"]
[White "Naumkin, Igor"]
[Black "Schaefer, Michael"]
[Result "1/2-1/2"]
[WhiteElo "2456"]
[BlackElo "2190"]
[PlyCount "67"]
[EventDate "2017.09.02"]
[EventType "swiss"]
[EventRounds "9"]
[EventCountry "ITA"]
[SourceTitle "CBM 180 Extra"]
[Source "ChessBase"]
[SourceDate "2017.10.06"]
[SourceVersion "1"]
[SourceVersionDate "2017.10.06"]
[SourceQuality "1"]

1. d4 d5 2. c4 e6 3. Nf3 Nf6 4. Nc3 Be7 5. Bg5 h6 6. Bxf6 Bxf6 7. e3 0-0 8. Qc2 dxc4 9. Bxc4 c5 10. dxc5 Qa5 11. 0-0 Bxc3 12. Qxc3 Qxc3 13. bxc3 Nd7 14. c6 bxc6 15. Rab1 c5 16. Be2 Nb6 17. Rfc1 Bb7 18. Kf1 Rfd8 19. Rb5 Rdc8 20. c4 Rc7 21. Ne1 Kf8 22. f3 Ke7 23. Ra5 Nd7 24. Nd3 e5 25. Nf2 Rc6 26. Bd3 Ra6 27. Rb5 Bc6 28. Be4 Rc8 29. Rb2 Ke6 30. Bxc6 Rcxc6 31. Ne4 Ra4 32. g4 g6 33. g5 f5 34. gxf6 1/2-1/2

[Event "Bodensee op"]
[Site "Bregenz"]
[Date "2017.05.25"]
[Round "6"]
[White "Schlosser, Philipp"]
[Black "Schaefer, Michael"]
[Result "1-0"]
[WhiteElo "2501"]
[BlackElo "2222"]
[PlyCount "93"]
[EventDate "2017.05.20"]
[EventType "swiss"]
[EventRounds "9"]
[EventCountry "AUT"]
[SourceTitle "CBM 178 Extra"]
[Source "ChessBase"]
[SourceDate "2017.06.22"]
[SourceVersion "1"]
[SourceVersionDate "2017.06.22"]
[SourceQuality "1"]

1. Nf3 d5 2. d4 Nf6 3. c4 e6 4. Nc3 Be7 5. g3 0-0 6. Bg2 c6 7. 0-0 b6 8. Ne5 Bb7 9. e4 a5 10. Re1 Na6 11. Bf4 Rc8 12. Rc1 Bb4 13. exd5 cxd5 14. Bg5 Nb8 15. cxd5 Bxc3 16. bxc3 Bxd5 17. Bxd5 Qxd5 18. Bxf6 gxf6 19. Qg4+ Kh8 20. Qf4 Qd8 21. Ng4 Nd7 22. c4 Rg8 23. d5 e5 24. Qf3 Rg6 25. Ne3 Nc5 26. Rb1 Rb8 27. Rb5 Qc7 28. Reb1 Na4 29. Rc1 Re8 30. Qd1 Nc5 31. d6 Qc6 32. Nf5 Rd8 33. Rcb1 Ne4 34. Ne7 Qa8 35. Nxg6+ hxg6 36. Rxb6 Nc3 37. Qd3 Nxb1 38. Qxb1 Qf3 39. c5 Kg7 40. Qb3 Qe4 41. a3 Rh8 42. Qd1 Rd8 43. c6 Rxd6 44. Qxd6 Qe1+ 45. Kg2 Qe4+ 46. Kf1 Qc4+ 47. Ke1 1-0

[Event "Bodensee op"]
[Site "Bregenz"]
[Date "2017.05.24"]
[Round "5"]
[White "Schaefer, Michael"]
[Black "Rogozenco, Teodora Nana"]
[Result "1-0"]
[WhiteElo "2222"]
[BlackElo "2139"]
[PlyCount "67"]
[EventDate "2017.05.20"]
[EventType "swiss"]
[EventRounds "9"]
[EventCountry "AUT"]
[SourceTitle "CBM 178 Extra"]
[Source "ChessBase"]
[SourceDate "2017.06.22"]
[SourceVersion "1"]
[SourceVersionDate "2017.06.22"]
[SourceQuality "1"]

1. c4 Nf6 2. Nf3 g6 3. Nc3 Bg7 4. g3 0-0 5. Bg2 d6 6. 0-0 Nc6 7. Rb1 e5 8. d3 a5 9. a3 Bf5 10. b4 axb4 11. axb4 Qd7 12. b5 Nd8 13. Bg5 e4 14. Ne1 exd3 15. Nxd3 Re8 16. Qd2 Qc8 17. Bxf6 Bxf6 18. Nd5 Bg7 19. b6 Ra3 20. Qb4 Ra2 21. bxc7 Nc6 22. Qxb7 Qxb7 23. Rxb7 Raxe2 24. N5f4 Na5 25. Ra7 Bxd3 26. Nxd3 Nxc4 27. Rc1 Nb6 28. Rb7 Nc8 29. Rb8 Rf8 30. Nf4 Re7 31. Bb7 Ree8 32. Rxc8 Rxc8 33. Bxc8 Rxc8 34. Nd5 1-0